000
00297nam a22001337a 4500
008
170817b xxu||||| |||| 00| 0 eng d
020
_a
070240973
041
_a
eng
080
_2
4TH
_a
311
100
_a
36
101
_a
STA
245
_a
STATISTICAL QUALITY CONTROL
_c
GRANT,E.I
942
_2
udc
_c
BK
999
_c
24014
_d
24014